=LDR 00000nam 2200000 4500 =001 INLIS000000000033362 =005 20130612135324 =008 ***********************************Ind** =035 ##$$0010-061300000033362 =041 ##$$a Ind =082 ##$$a 700.7 =090 ##$$a 700.7, Lat p =100 ##$$a Latifah,Diah =245 ##$$a Pendidikan seni 1 Penuntun belajar berdasarkan kurikulum baru GBPP 1994 untukSMU Kelas 1 Cawu I,II, dan III , Diah Latifah,Harry Sulastianto =260 ##$$a 1994 $b Bandung =300 ##$$a vi,247 hlm., ilus., 21 cm =650 ##$$a Kesenian-Studi dan Pengajaran =850 ##$$a NBPNMAT